Anar al contingut

Конституционное право Российской Федерации учебное пособие

Учебное пособие подготовлено на основе действующего российского законодательства и актуальной судебной практики. В нем изложено основное содержание институтов и норм конституционного права Российской Федерации. Пособие содержит в себе практические задания, такие как семинары, тесты, проблемно-ситуац...

Descripció completa

Guardat en:
Dades bibliogràfiques
Autor principal: Головинова Ю. В.
Format: Книга
Idioma:Russian
Publicat: Барнаул АлтГПУ 2019
Accés en línia:https://e.lanbook.com/book/139184
https://e.lanbook.com/img/cover/book/139184.jpg
Etiquetes: Afegir etiqueta
Sense etiquetes, Sigues el primer a etiquetar aquest registre!
LEADER 02051nam0a2200265 i 4500
001 139184
003 RuSpLAN
005 20221220174047.0
008 221220s2019 ru gs 000 0 rus
020 |a 978-5-6043739-0-3 
040 |a RuSpLAN 
041 0 |a rus 
044 |a ru 
080 |a 342 (075.8) 
084 |a 67.400  |2 rubbk 
245 0 0 |a Конституционное право Российской Федерации  |b учебное пособие  |c Головинова Ю. В. 
260 |a Барнаул  |b АлтГПУ  |c 2019 
300 |a 144 с. 
504 |a Библиогр.: доступна в карточке книги, на сайте ЭБС Лань 
520 8 |a Учебное пособие подготовлено на основе действующего российского законодательства и актуальной судебной практики. В нем изложено основное содержание институтов и норм конституционного права Российской Федерации. Пособие содержит в себе практические задания, такие как семинары, тесты, проблемно-ситуационные задачи и материалы судебной практики Конституционного суда России. Издание рассчитано на студентов бакалавров по направлению подготовки Педагогическое образование, профиль: История и Право, а также всех интересующихся проблематикой конституционного права. 
521 8 |a Книга из коллекции АлтГПУ - Право. Юридические науки 
100 1 |a Головинова Ю. В. 
856 4 |u https://e.lanbook.com/book/139184 
856 4 8 |u https://e.lanbook.com/img/cover/book/139184.jpg 
953 |a https://e.lanbook.com/img/cover/book/139184.jpg